[Event "TUR-chT2"]
[Site "Konya"]
[Date "2017.07.12"]
[Round "5.13"]
[White "Altun, Taylan Ozgur"]
[Black "Demir, Umut Siar"]
[Result "0-1"]
[WhiteElo "1171"]
[BlackElo "1358"]
[PlyCount "102"]
[EventDate "2017.07.09"]
[EventType "team-swiss"]
[EventRounds "9"]
[EventCountry "TUR"]
[SourceTitle "CBM 179 Extra"]
[Source "ChessBase"]
[SourceDate "2017.08.23"]
[SourceVersion "1"]
[SourceVersionDate "2017.08.23"]
[SourceQuality "1"]
[WhiteTeam "Genclik Deha"]
[BlackTeam "Derince Turgut"]
[WhiteTeamCountry "TUR"]
[BlackTeamCountry "TUR"]

1. c4 Nf6 2. Nc3 g6 3. d4 d5 4. Bf4 c6 5. e3 Bg7 6. Nf3 0-0 7. h3 e6 8. Be2 b6 9. 0-0 Bb7 10. Rc1 Nbd7 11. Ne5 Nxe5 12. Bxe5 Nd7 13. Bxg7 Kxg7 14. e4 dxe4 15. Nxe4 Nf6 16. Nxf6 Qxf6 17. Rc3 Rfd8 18. Rd3 Rd7 19. Qd2 Rad8 20. Rd1 c5 21. b3 Rxd4 22. Rxd4 Rxd4 23. Qc1 Rxd1+ 24. Bxd1 Qd4 25. Bc2 a6 26. Qe1 e5 27. Kh1 f6 28. f3 f5 29. Qg3 Qf4 30. Qxf4 exf4 31. Kg1 Kf6 32. Kf2 Ke5 33. Ke2 Kd4 34. Kd2 Bc8 35. h4 h6 36. a3 a5 37. a4 g5 38. hxg5 hxg5 39. Bd3 g4 40. Be2 Be6 41. Bd3 Bd7 42. Be2 Bc6 43. Bd1 Bxf3 44. gxf3 g3 45. Ke2 Kc3 46. Ke1 g2 47. Kf2 Kd2 48. Kxg2 Kxd1 49. Kh3 Ke2 50. Kg2 Ke3 51. Kf1 Kxf3 0-1